Vždy vás zaujímalo ako zvýšiť rast kvality? Tu je niekoľko tipov

Definícia pojmu kvalita (akosť). Význam kvality pre konkurencieschopnosť podniku. Vplyv implementácie kvality na spoločnosť a vplyv vedenia spoločnosti na kvalitu.

Gespeichert in:
Bibliographische Detailangaben
1. Verfasser: Loskotová, Jana
Format: Buchkapitel
Sprache:Slowakisch
Schlagworte:
Tags: Tag hinzufügen
Keine Tags, Fügen Sie das erste Tag hinzu!

MARC

LEADER 00000nla a2200000 4500
001 0234963
005 20240417075124.9
041 0 |a slo 
044 |a SK 
245 1 0 |a Vždy vás zaujímalo ako zvýšiť rast kvality? Tu je niekoľko tipov  |c Jana Loskotová 
520 |a Definícia pojmu kvalita (akosť). Význam kvality pre konkurencieschopnosť podniku. Vplyv implementácie kvality na spoločnosť a vplyv vedenia spoločnosti na kvalitu. 
610 2 0 |a kvalita 
610 2 0 |a riadenie kvality 
610 2 0 |a systémy kvality 
610 2 0 |a kontrola kvality 
610 2 0 |a systém riadenia kvality 
610 2 0 |a konkurencieschopnosť 
610 2 0 |a podnik 
610 2 0 |a vedenie 
610 2 0 |a manažéri 
610 2 0 |a riaditelia 
610 2 0 |a zamestnanci 
610 2 0 |a pojmy 
100 1 |a Loskotová, Jana